000 01095nam a22002297a 4500
003 AM-YEHGA
005 20250617160403.0
008 201009s ||||| |||| 00| 0 rus d
040 _aAM-YeHGA
041 0 _arus
100 1 _aКозьманов, С.И.
245 1 0 _aТерносливы Млеева=
_bThe insititia plums of Mleew /
_cС.И. Козьманов и Ю.И. Хоментовский; НКЗ СССР, ВАСХНИЛ, Эксперим. база в Млееве, Отд. генетики, селекции, сортоиспытания и стандартизации.
246 3 1 _aThe insititia plums of Mleew
260 _aКиев :
_b[б. и.],
_c1931.
300 _a95 с. :
_b[4] л. ил. : ил.
490 1 _aТруды / Всесоюзный исследовательский институт плодового и ягодного хозяйства ;
_vВып. 2
653 0 _aПлодоводство
653 0 _aКосточковые плодовые
700 1 _aХоментовский, Ю.И.
942 _2udc
_cBK
090 _c455309
999 _c452354
_d452354